| 000 | 00888cam a2200217 4500 | ||
|---|---|---|---|
| 001 | ABS61065 | ||
| 008 | 000000n1999 000 0 eng u | ||
| 035 | _a(Sirsi) u101613 | ||
| 100 | _aFenn, P. | ||
| 245 | _aSurvey of domestic construction abitration in the United Kingdom. | ||
| 260 | _c1999 | ||
| 490 |
_aArbitration _v65(3) August 1999, 217-226(10) |
||
| 520 | _a Describes research to produce firm data into dispute resolution procedures. However, the research was carried out in 1996, before the Arbitration Act 1996 and the Housing Grants, Construction and Regeneration Act 1996. | ||
| 650 | _aMANAGEMENT-DISPUTE AVOIDANCE, MANAGEMENT AND RESOLUTION-DISPUTE MANAGEMENT AND RESOLUTION-ARBITRATION | ||
| 650 |
_aDISPUTE RESOLUTION _96236 |
||
| 650 | _aRESEARCH | ||
| 650 |
_aDISPUTE RESOLUTION _96236 |
||
| 690 | _aBUILT ENVIRONMENT | ||
| 700 | _aBlack, M. | ||
| 942 | _n0 | ||
| 999 |
_c60742 _d60742 |
||